LEADER 01028nam0-22003371i-450- 001 990000427230403321 005 20061102105825.0 035 $a000042723 035 $aFED01000042723 035 $a(Aleph)000042723FED01 035 $a000042723 100 $a20020821d1996----km-y0itay50------ba 101 0 $aita 102 $aIT 105 $ay-------001yy 200 1 $aUsare per conservare progetti per Pozzuoli$fMarina Fumo$g[a cura di] Università degli studi di Napoli Federico 2. Dipartimento di Ingegneria Edile 210 $aNapoli$cStampe e Pubblicazioni$d1996 215 $a147 p.$cill.$d22 cm 610 0 $aNapoli 610 0 $aRecupero edilizio 676 $a720.28 676 $a720.457 3 700 1$aFumo,$bMarina 712 02$aUniversità degli studi di Napoli Federico II.$bDipartimento di ingegneria edile 801 0$aIT$bUNINA$gRICA$2UNIMARC 901 $aBK 912 $a990000427230403321 952 $a08 D 101$b466$fDINED 952 $a08 D 100$b465$fDINED 959 $aDINED 997 $aUNINA LEADER 02452nas 2200733-a 450 001 996218050503316 005 20230214213019.0 011 $a1573-0743 035 $a(OCoLC)41570689 035 $a(CKB)954925484693 035 $a(CONSER)--2008233223 035 $a(DE-599)ZDB2008950-8 035 $a(EXLCZ)99954925484693 100 $a19990618b19852000 s-- - 101 0 $aeng 135 $aurmnu|||||||| 181 $ctxt$2rdacontent 182 $cc$2rdamedia 183 $acr$2rdacarrier 200 14$aThe international journal of cardiac imaging 210 $a[Dordrecht] $cKluwer Academic Publishers$d-2000 311 0 $aPrint Version: The international journal of cardiac imaging 0167-9899 531 $aINT J CARD IMAGING 531 $aINT J CARDIAC IMAGING 531 $aINT J CARDIAC IMAG 531 $aINT J CAR I 531 $aINTERNATIONAL JOURNAL OF CARDIAC IMAGING 606 $aHeart$xImaging$vPeriodicals 606 $aHeart$xRadionuclide imaging$vPeriodicals 606 $aAngiocardiography$vPeriodicals 606 $aEchocardiography$vPeriodicals 606 $aHeart$xRadiography$vPeriodicals 606 $aC?ur$xImagerie$vPériodiques 606 $aC?ur$xScintigraphie$vPériodiques 606 $aAngiocardiographie$vPériodiques 606 $aÉchocardiographie$vPériodiques 606 $aC?ur$xRadiographie$vPériodiques 606 $aAngiocardiography$2fast$3(OCoLC)fst00808813 606 $aEchocardiography$2fast$3(OCoLC)fst00901393 606 $aHeart$xImaging$2fast$3(OCoLC)fst00953600 606 $aHeart$xRadiography$2fast$3(OCoLC)fst00953647 606 $aHeart$xRadionuclide imaging$2fast$3(OCoLC)fst00953650 608 $aPeriodicals.$2fast 608 $aPeriodicals.$2lcgft 615 0$aHeart$xImaging 615 0$aHeart$xRadionuclide imaging 615 0$aAngiocardiography 615 0$aEchocardiography 615 0$aHeart$xRadiography 615 6$aC?ur$xImagerie 615 6$aC?ur$xScintigraphie 615 6$aAngiocardiographie 615 6$aÉchocardiographie 615 6$aC?ur$xRadiographie 615 7$aAngiocardiography. 615 7$aEchocardiography. 615 7$aHeart$xImaging. 615 7$aHeart$xRadiography. 615 7$aHeart$xRadionuclide imaging. 676 $a616.12 906 $aJOURNAL 912 $a996218050503316 996 $aThe international journal of cardiac imaging$92409619 997 $aUNISA